| 000 | 00414nam a2200157 a 4500 | ||
|---|---|---|---|
| 001 | 2398 | ||
| 005 | 20180713182401.0 | ||
| 008 | 140415s1969 000 0 spa d | ||
| 041 | _aspa | ||
| 082 |
_a302.2 _bMED |
||
| 245 | 0 | 4 | _aLOS MEDIOS DE COMUNICACION SOCIAL |
| 260 |
_a[s.l.] : _bED. ROBLE, _c1969 |
||
| 300 | _a382 | ||
| 650 | 1 | 4 | _aCOMUNICACION |
| 700 | 1 |
_aTREJO DE HERNANDEZ, LUZ MARIA _etr. |
|
| 999 |
_c2398 _d2398 |
||